| 000 | 02283nam a2200385 a 4500 | ||
|---|---|---|---|
| 001 | ebr10271554 | ||
| 003 | CaPaEBR | ||
| 006 | m u | ||
| 007 | cr cn||||||||| | ||
| 008 | 071130s2007 enk sb 001 0 eng d | ||
| 010 | _z 2007300015 | ||
| 015 |
_aGBA679912 _2bnb |
||
| 016 | 7 |
_z013557207 _2Uk |
|
| 020 | _z9780199271658 (hbk. : alk. paper) | ||
| 020 | _z0199271658 (hbk. : alk. paper) | ||
| 040 |
_aCaPaEBR _cCaPaEBR |
||
| 035 | _a(OCoLC)139977044 | ||
| 050 | 1 | 4 |
_aBJ1518 _b.W67 2007eb |
| 082 | 0 | 4 |
_a179/.9 _222 |
| 084 |
_a08.38 _2bcl |
||
| 245 | 0 | 0 |
_aWorking virtue _h[electronic resource] : _bvirtue ethics and contemporary moral problems / _cedited by Rebecca L. Walker, Philip J. Ivanhoe. |
| 260 |
_aOxford : _bClarendon Press ; _aNew York : _bOxford University Press, _c2007. |
||
| 300 | _aix, 319 p. | ||
| 504 | _aIncludes bibliographical references and index. | ||
| 505 | 0 | _aIntroduction / Rebecca L. Walker and Philip J. Ivanhoe -- Caring as relation and virtue in teaching / Nel Noddings -- Professing medicine, virtue based ethics, and the retrieval of professionalism / Edmund D. Pellegrino -- Doctoring and self-forgiveness / Jeffrey Blustein -- Virtue ethics as professional ethics: the case of psychiatry / Jennifer Radden -- Trust, suffering, and the Aesculapian virtues / Annette C. Baier -- Environmental virtue ethics / Rosalind Hursthouse -- The good life for non-human animas: what virtue requires of humans / Rebecca L. Walker -- Law, morality, and virtue / Peter Koller -- Virtue ethics, role ethics, and business ethics / Christine Swanton -- Racial virtues / Lawrence Blum -- Virtue and a warrior's anger / Nancy Sherman -- Famine, affluence, and virtue / Michael Slote -- Filial piety as a virtue / Philip J. Ivanhoe. | |
| 533 |
_aElectronic reproduction. _bPalo Alto, Calif. : _cebrary, _d2013. _nAvailable via World Wide Web. _nAccess may be limited to ebrary affiliated libraries. |
||
| 650 | 0 | _aVirtue. | |
| 650 | 0 | _aEthics. | |
| 650 | 0 | _aMoral conditions. | |
| 655 | 7 |
_aElectronic books. _2local |
|
| 700 | 1 | _aWalker, Rebecca L. | |
| 700 | 1 | _aIvanhoe, P. J. | |
| 710 | 2 | _aebrary, Inc. | |
| 856 | 4 | 0 |
_uhttp://site.ebrary.com/lib/rucke/Doc?id=10271554 _zAn electronic book accessible through the World Wide Web; click to view |
| 999 |
_c22250 _d22250 |
||